000 00594nam a2200205 a 4500
008
020 _a0194315177(pbk)
049 _aMAIN
090 _aREFPE1628
_bOXF
245 1 0 _aOxford student's dictionary of english
_cOxford university.
260 _aOxford :
_bOxford University Press,
_c2001.
300 _axii, 776 p. ;
_c12 cm.
650 0 _aEnglish
_xDictionaries.
740 0 _aDictionary of English.
907 _a.b1026212x
_b30-03-10
_c17-04-09
003
005 20230123124932.0
040 _cNUST
942 _cBOOKS
_kREFPE1628
_mOXF
999 _c132861
_d132861